000 00593nam a2200193Ia 4500
005 20260114185558.0
008 008 260114s9999 xx 000 0 eng d
020 _a9781350142756
037 _aEBOOK
040 _aCRL
_beng
_cCRL
041 _aeng
_2eng
084 _qCRL
100 _aMark Vincent
_9871800
245 0 _aCriminal Subculture in the Gulag Prisoner Society in the Stalinist Labour Camps
260 _bBloomsbury
_c2020
856 _uhttps://doi.org/10.5040/9781350142756?locatt=label:secondary_bloomsburyCollections
942 _cEBOOK
999 _c1470748
_d1470748